000 00337 a2200157 4500
001 69130
020 _a
040 _cAnchieta - Itaigara
100 _aFiat Automóveis
240 1 0 _aUm poema chamado Brasil
_lpor
245 1 0 _aUm poema chamado Brasil
300 _a143
362 0 _a0
650 4 _aLiteratura juvenil
942 _cBK
999 _c69130
_d69130